| 000 | 00986nam a22002537a 4500 | ||
|---|---|---|---|
| 005 | 20170124102949.0 | ||
| 010 | _aA-696409 | ||
| 020 | _c40.00 | ||
| 035 | _aA-696409 | ||
| 037 | _bCen Lib/Ret | ||
| 040 |
_aDPL _bHN |
||
| 082 |
_aक _bसैलीब |
||
| 100 |
_aसैली बलजीत _97558 |
||
| 245 |
_aअब वहाँ सन्नाटा उगता है / _cसैली बलजीत |
||
| 246 |
_aAb vahan sannata ugta hai / _bby Saili Baljeet |
||
| 260 |
_aनयी दिल्ली _bपुस्तकायन _c1996 |
||
| 270 |
_bनयी दिल्ली _a2/४२४०ए , अंसारी रोड, दरिया गंज _e110002 |
||
| 300 |
_a128पृ. _c17सेमी (सजिल्द) |
||
| 650 |
_aहिन्दी साहित्य _951123 |
||
| 650 |
_aकहानियां _951124 |
||
| 650 |
_aHindi literature _951125 |
||
| 650 |
_aStories _97500 |
||
| 942 |
_2ddc _cHN _hक _mसैलीब |
||
| 999 |
_c113208 _d113208 |
||